000 00786nam a2200253Ia 4500
003 OSt
005 20220925200324.0
006 a|||||r|||| 00| 0
007 ta
008 220923b |||||||| |||| 00| 0 eng d
020 _a8120201906
_c60.00
037 _b89, 31/08/1987, Manohar
_cGeneral Book
040 _aRTL
_cRTL
_beng
041 _2eng
_aeng
082 _aQ7:(Y15).2.N8, M7
100 _aEngineer Asghar Ali Ed.
_941803
245 0 _aStatus of women in islam
260 _aDelhi
_bAjanta Publicaiton India
_c1987
300 _aviii,128p
_ccm.
500 _aBibliography: P 122; Appendix: P 123-24
650 _aIslam
_9577
942 _hQ7:(Y15).2.N8, M7
_cGB
_2CC
999 _c536181
_d536181